000 00247nam a22000977a 4500
005 20250901165416.0
008 210324b ||||| |||| 00| 0 eng d
050 _aHV91 .K34 1973
245 _aShaping the new social work
_cKAHN, ALFRED J.
942 _2ddc
999 _c3486
_d3486